Изворче (Запис номер 140577)
[ съкратено ]
| 000 -Лидер | |
|---|---|
| Контролно поле с фиксирана дължина | 01512nam a2200337 c 4500 |
| 003 - Код на организацията, давaща контролен номер | |
| Контролно поле | BLK |
| 005 - Дата и час на последна редакция | |
| Контролно поле | 20180422112303.0 |
| 008 - Елементи от данни с фиксирана дължина | |
| fixed length control field | 180409b bul|||||r ||||||| ||bul|| |
| 010 ## - Наследен системен номер | |
| LC control number | KNG00146644000 |
| 040 ## - Източник на каталожния запис | |
| Идентификатор на билиотеката - собственик на записа | BLK |
| 041 ## - Код за език | |
| Код за езика на текст/звукозапис или на отделно заглавие | Български |
| Код за езика КДБФ | Български |
| 080 ## - УДК | |
| Текстов определител УДК | Българска литература |
| УДК код - определител по УДК | 821.163.2 |
| УДК определител | -93-8 |
| УДК - код + определител | 821.163.2-93-8 |
| 139 ## - Редно поле | |
| Редна дума | Изворче |
| Авторски знак | Изво - И 38 |
| 245 10 - Сведения за заглавието | |
| Заглавие | Изворче |
| Подзаглавни данни | Лит. творби за деца от предучилищна възраст |
| Редно поле (дума) | състав. Любомила Йорданова; худож. Стефан Кумпилов; * Лъчезар Дончев Станчев; * Стефка Стойкова. |
| 257 ## - Страна на издаване | |
| Страна на създаване/издаване | България |
| 260 ## - Област на издателските данни | |
| -- | София |
| Име на издателя, разпространителя и проч. | Нар. просв. |
| Година на издаване | 1974 |
| 300 ## - Физическа характеристика | |
| Страници | 328 с. |
| Илюстрации и др. | с ил. |
| Размери/Мащаб | 21 см |
| 380 ## - Жанр | |
| Жанр | Детска худож. лит. |
| 500 ## - Общи забележки | |
| Забележка | Други състав. : Лъчезар Станчев, Стефка Стойкова - 9 496 тир. |
| 653 ## - Ключова дума – ненормативна | |
| Ключова дума | детска литература |
| 653 ## - Ключова дума – ненормативна | |
| Ключова дума | литература за деца |
| 700 1# - Други автори (авторска отговорност) | |
| Лично име | Йорданова, Любомила |
| Автороска отговорност (Описва отношението между автора и произведението) | състав. |
| 9 (RLIN) | 314390 |
| 700 1# - Други автори (авторска отговорност) | |
| Лично име | Кумпилов, Стефан |
| Автороска отговорност (Описва отношението между автора и произведението) | худож. |
| 9 (RLIN) | 85581 |
| 700 1# - Други автори (авторска отговорност) | |
| Лично име | Станчев, Лъчезар Дончев |
| Автороска отговорност (Описва отношението между автора и произведението) | * |
| 9 (RLIN) | 365631 |
| 700 1# - Други автори (авторска отговорност) | |
| Лично име | Стойкова, Стефка |
| Автороска отговорност (Описва отношението между автора и произведението) | * |
| 9 (RLIN) | 327038 |
| 852 ## - Местоположение | |
| Форматна сигнатура | Цб 261176 |
| 856 4# - Електронен адрес и достъп | |
| Електронен формат | pdf - файл |
| Път до файла /url/ | |
| 856 4# - Електронен адрес и достъп | |
| Електронен формат | pdf - файл |
| Път до файла /url/ | |
| 942 ## - АРТИКУЛИ | |
| Вид на библиотечния материал | Книги |
| Скрит в OPAC | Не |
| 944 ## - СЪЗДАВАНЕ И РЕДАКЦИЯ на ЗАПИСА | |
| Създаване/Редакция | Създаване |
| Дата на регистрацията/редакция | 19.07.2013 |
| Статус, дата на статуса | 19.07.2013 - от С1,Р / 19.07.2013 |
| Служител, извършил регистрацията/редакцията | Люсиена_Милчева |
| 944 ## - СЪЗДАВАНЕ И РЕДАКЦИЯ на ЗАПИСА | |
| Създаване/Редакция | Редакция |
| Дата на регистрацията/редакция | 14.09.2017 |
| Статус, дата на статуса | 19.07.2013 - от С1,Р / 19.07.2013 |
| Служител, извършил регистрацията/редакцията | Елица_Владова |
| 999 ## - СИСТЕМНИ КОНТРОЛНИ НОМЕРА | |
| Koha biblionumber | 140577 |
| Koha biblioitemnumber | 140577 |
| Код за отписване | Код за изгубен артикул | Източник на класификационната схема | Код за повреда | Коз за рестрикции | Код за отдаване | Артикулен № | Име на библиотеката - собственик | Име на библиотеката, в която се намира в момента | Статус (Текущо местоположение) | Дата на вписване в системата | Местоположение - отдел | Цена в лева | Инвентарен номер | Систематично азбучна сигнатура | Баркод | Номер на екземпляра | Цена в евро | Служебна бележка | Служебен тип на артикула | Бележка за публиката |
|---|---|---|---|---|---|---|---|---|---|---|---|---|---|---|---|---|---|---|---|---|
| Не е изгубен | Universal Decimal Classification | Не е повреден | без рестрикции | ползва се в читалня | 230696 | Регионална библиотека "Любен Каравелов" Русе | Регионална библиотека "Любен Каравелов" Русе | Хранилище | 1974-01-01 | Хранилище | 1.53 | 165693 | Цб 261176 | 120000165693 | 1 | 0.78 | Вид: СФ N: стар фонд Дата: 01.01.1974 | Книги | ||
| Изтеглен | Не е изгубен | Не е повреден | без рестрикции | заемане за дома | 230697 | Регионална библиотека "Любен Каравелов" Русе | Регионална библиотека "Любен Каравелов" Русе | 1974-01-01 | Детски отдел | 1.53 | 166904 | ДХ 886.7-8/И 38 | 166904 | 2 | 0.78 | Дост: Pk Вид: Ф N: стар фонд Дата: 01.01.1974 Дата инв: 02.09.2015 Бележки инв: Д2015 | Книги | Отч.N: 31/2017 , Дата: 01.09.2017 | ||
| Изтеглен | Не е изгубен | Не е повреден | без рестрикции | заемане за дома | 230698 | Регионална библиотека "Любен Каравелов" Русе | Регионална библиотека "Любен Каравелов" Русе | Детски отдел | 1974-01-01 | Детски отдел | 1.53 | 166905 | ДХ 886.7-8/И 38 | 166905 | 3 | 0.78 | Дост: Pk Вид: Ф N: стар фонд Дата: 01.01.1974 Дата инв: 02.09.2015 Бележки инв: Д2015 | Книги |